[Event "NED-chT 2223"]
[Site "Netherlands"]
[Date "2023.04.22"]
[Round "9.4"]
[White "Kerigan, Demre"]
[Black "Bijlsma, Nick"]
[Result "1-0"]
[WhiteElo "2360"]
[BlackElo "2292"]
[PlyCount "81"]
[EventDate "2022.09.17"]
[EventType "team-tourn"]
[EventRounds "9"]
[EventCountry "NED"]
[SourceTitle "EXT 2024"]
[Source "ChessBase"]
[SourceDate "2023.10.10"]
[SourceVersion "1"]
[SourceVersionDate "2023.10.10"]
[SourceQuality "1"]
[WhiteTeam "Paul Keres"]
[BlackTeam "De Stukkenjagers"]
[WhiteTeamCountry "NED"]
[BlackTeamCountry "NED"]

1. g3 e5 2. Bg2 d5 3. d3 Nf6 4. Nf3 Bd6 5. 0-0 0-0 6. Nc3 Re8 7. e4 c6 8. h3 dxe4 9. dxe4 b5 10. Nh4 b4 11. Na4 Ba6 12. Re1 Bb5 13. b3 Qc7 14. Nf5 Bf8 15. Nb2 Nbd7 16. Qf3 Kh8 17. a4 bxa3 18. Nd3 c5 19. c4 Bc6 20. g4 Reb8 21. g5 Ne8 22. Rxa3 a5 23. Ne3 Nd6 24. Ng4 a4 25. Ndxe5 Nxe5 26. Nxe5 axb3 27. Rxb3 Bxe4 28. Rxe4 Rxb3 29. Qxb3 Nxe4 30. Bf4 Ra1+ 31. Kh2 Nd6 32. Bd5 Kg8 33. Nxf7 Qxf7 34. Bxd6 Bxd6+ 35. Kg2 Ra7 36. Qd3 Bf8 37. f4 Kh8 38. Bxf7 Rxf7 39. f5 h6 40. h4 Be7 41. Qd7 1-0

[Event "NED-chT 2223"]
[Site "Netherlands"]
[Date "2022.12.17"]
[Round "5.9"]
[White "De Jong, Jan Willem"]
[Black "Bijlsma, Nick"]
[Result "1-0"]
[WhiteElo "2407"]
[BlackElo "2292"]
[PlyCount "81"]
[EventDate "2022.09.17"]
[EventType "team-tourn"]
[EventRounds "9"]
[EventCountry "NED"]
[SourceTitle "CBM 213 Extra"]
[Source "ChessBase"]
[SourceDate "2023.05.31"]
[SourceVersion "1"]
[SourceVersionDate "2023.05.31"]
[SourceQuality "1"]
[WhiteTeam "Leiden LSG"]
[BlackTeam "De Stukkenjagers"]
[WhiteTeamCountry "NED"]
[BlackTeamCountry "NED"]

1. d4 d5 2. c4 dxc4 3. e4 Nf6 4. e5 Nd5 5. Bxc4 Nb6 6. Bd3 Nc6 7. Be3 Nb4 8. Be4 f5 9. exf6 exf6 10. Nc3 f5 11. Bb1 c6 12. Nf3 Be7 13. 0-0 0-0 14. a3 N4d5 15. Ba2 f4 16. Bd2 Bg4 17. Re1 Rf7 18. Ne4 a5 19. Qb3 a4 20. Qd3 Bxf3 21. Qxf3 Bf6 22. Qd3 f3 23. Qxf3 Bxd4 24. Qd3 Bf6 25. Rad1 Kh8 26. Qg3 Rd7 27. Bc1 Qf8 28. Ng5 Re8 29. h4 Rde7 30. Rxe7 Qxe7 31. Qd3 g6 32. Kf1 Qg7 33. Bb1 Nd7 34. h5 Ne5 35. Qh3 Bxg5 36. Bxg5 Qd7 37. Qxd7 Nxd7 38. hxg6 hxg6 39. Bxg6 Rg8 40. Bf5 Ne5 41. Rxd5 1-0

[Event "NED-chT 2223"]
[Site "Netherlands"]
[Date "2022.10.08"]
[Round "2.6"]
[White "De Wit, Tex"]
[Black "Bijlsma, Nick"]
[Result "1/2-1/2"]
[WhiteElo "2275"]
[BlackElo "2292"]
[PlyCount "94"]
[EventDate "2022.09.17"]
[EventType "team-tourn"]
[EventRounds "9"]
[EventCountry "NED"]
[SourceTitle "CBM 213 Extra"]
[Source "ChessBase"]
[SourceDate "2023.05.31"]
[SourceVersion "1"]
[SourceVersionDate "2023.05.31"]
[SourceQuality "1"]
[WhiteTeam "Kennemer Combinatie"]
[BlackTeam "De Stukkenjagers"]
[WhiteTeamCountry "NED"]
[BlackTeamCountry "NED"]

1. Nf3 Nf6 2. g3 g6 3. Bg2 Bg7 4. 0-0 0-0 5. c4 d5 6. d4 dxc4 7. Na3 c3 8. bxc3 c5 9. Re1 Nc6 10. Bb2 Qb6 11. Nc4 Qc7 12. e4 b5 13. Ncd2 Rd8 14. Rc1 Rb8 15. h3 Nd7 16. e5 Nb6 17. Ng5 Na5 18. Ba3 Na4 19. Qf3 e6 20. Qf4 f5 21. exf6 Qxf4 22. gxf4 Bxf6 23. Nxe6 Bxe6 24. Rxe6 Rb6 25. Rxb6 axb6 26. Ne4 Be7 27. Rd1 Nc4 28. Bc1 b4 29. cxb4 cxd4 30. Bf1 b5 31. a3 h6 32. Kg2 Kf7 33. Be2 Bf8 34. h4 Bg7 35. Bd3 Nab2 36. Bxc4+ Nxc4 37. Nc5 Ra8 38. Nb3 Nxa3 39. Bxa3 Rxa3 40. Nxd4 Bxd4 41. Rxd4 Rb3 42. f3 Kf6 43. Kg3 h5 44. Rd6+ Kg7 45. Rd4 Kf6 46. Re4 Rb2 47. Rd4 Rb3 1/2-1/2

[Event "NED-chT Cup"]
[Site "Apeldoorn"]
[Date "2022.05.26"]
[Round "2.2"]
[White "Kerigan, Demre"]
[Black "Bijlsma, Nick"]
[Result "1-0"]
[WhiteElo "2354"]
[BlackElo "2292"]
[PlyCount "79"]
[EventDate "2022.05.26"]
[EventType "team-k.o."]
[EventRounds "2"]
[EventCountry "NED"]
[SourceTitle "CBM 208 Extra"]
[Source "ChessBase"]
[SourceDate "2022.07.31"]
[SourceVersion "1"]
[SourceVersionDate "2022.07.31"]
[SourceQuality "1"]
[WhiteTeam "Paul Keres"]
[BlackTeam "De Stukkenjagers"]
[WhiteTeamCountry "NED"]
[BlackTeamCountry "NED"]

1. e4 c5 2. Nc3 Nc6 3. Bb5 Nd4 4. Nf3 Nxb5 5. Nxb5 d5 6. exd5 a6 7. Nc3 Nf6 8. d4 Nxd5 9. dxc5 Nxc3 10. Qxd8+ Kxd8 11. bxc3 f6 12. Be3 Kc7 13. Nd2 e5 14. 0-0-0 Be7 15. f4 Be6 16. fxe5 fxe5 17. Nf3 Bf6 18. Kb2 Rad8 19. Bf2 Bd5 20. Rde1 Rhe8 21. Re2 Kc6 22. Rhe1 Bxf3 23. gxf3 Rf8 24. Kb3 Rf7 25. Kc4 Rfd7 26. a4 Rd1 27. Rxd1 Rxd1 28. Bg3 Rd5 29. Bf2 Be7 30. Bd4 Bf6 31. f4 b5+ 32. cxb6 exd4 33. Re6+ Rd6 34. b7 Rxe6 35. b8Q dxc3 36. Qc8+ Kd6 37. Qxa6+ Ke7 38. Qb7+ Kf8 39. a5 Re7 40. a6 1-0

[Event "Politiken Cup 37th"]
[Site "Helsingor"]
[Date "2015.08.02"]
[Round "10"]
[White "Bijlsma, Nick"]
[Black "Sigeman, Johan"]
[Result "1/2-1/2"]
[WhiteElo "2298"]
[BlackElo "2138"]
[PlyCount "54"]
[EventDate "2015.07.25"]
[EventType "swiss"]
[EventRounds "10"]
[EventCountry "DEN"]
[SourceTitle "CBM 167 Extra"]
[Source "ChessBase"]
[SourceDate "2015.09.14"]
[SourceVersion "1"]
[SourceVersionDate "2015.09.14"]
[SourceQuality "1"]

1. e4 e5 2. Nf3 Nc6 3. Bb5 a6 4. Ba4 Nf6 5. Qe2 b5 6. Bb3 Be7 7. c3 0-0 8. 0-0 d5 9. d3 Bb7 10. Nbd2 Re8 11. a3 Bf8 12. Re1 h6 13. exd5 Na5 14. Ba2 Bxd5 15. c4 e4 16. dxe4 Nxc4 17. Nxc4 Bxc4 18. Bxc4 Rxe4 19. Bxf7+ Kxf7 20. Qc2 Rxe1+ 21. Nxe1 c5 22. Be3 c4 23. Nf3 Qd5 24. Rd1 Qe4 25. Qd2 Re8 26. h3 Kg8 27. Qa5 Qb7 1/2-1/2

[Event "Politiken Cup 37th"]
[Site "Helsingor"]
[Date "2015.08.01"]
[Round "9"]
[White "Timman, Jan H"]
[Black "Bijlsma, Nick"]
[Result "1-0"]
[WhiteElo "2566"]
[BlackElo "2298"]
[PlyCount "117"]
[EventDate "2015.07.25"]
[EventType "swiss"]
[EventRounds "10"]
[EventCountry "DEN"]
[SourceTitle "CBM 167 Extra"]
[Source "ChessBase"]
[SourceDate "2015.09.14"]
[SourceVersion "1"]
[SourceVersionDate "2015.09.14"]
[SourceQuality "1"]

1. d4 d5 2. c4 dxc4 3. e4 Nf6 4. e5 Nd5 5. Bxc4 Nb6 6. Bd3 Nc6 7. Ne2 Bg4 8. f3 Be6 9. Nbc3 Qd7 10. Ne4 Bd5 11. Nc5 Qc8 12. a3 e6 13. Qc2 Bxc5 14. dxc5 Nd7 15. f4 Ne7 16. 0-0 g6 17. Be3 c6 18. b4 a6 19. a4 0-0 20. h3 f5 21. exf6 Nxf6 22. Nc3 Rf7 23. Rae1 Qd7 24. Rd1 Raf8 25. Be2 Qc8 26. Kh2 Qb8 27. g3 Nf5 28. Bc1 b5 29. cxb6 Qxb6 30. Qb2 Rb8 31. Rde1 Qd4 32. g4 Nh4 33. Rd1 Qxb4 34. Qxb4 Rxb4 35. Nxd5 Nxd5 36. Kg3 g5 37. fxg5 Rxf1 38. Rxf1 Ng6 39. Bxa6 Rxa4 40. Bc8 Nf8 41. g6 Re4 42. gxh7+ Nxh7 43. Bd7 c5 44. Kf3 Re5 45. h4 Nf8 46. Bb5 Nb6 47. Be8 Nc4 48. Kg3 Nd6 49. Bh6 Nh7 50. Bg6 Rd5 51. h5 c4 52. Ra1 Nc8 53. Ra8 Rd8 54. Be4 Nf6 55. Bb7 Kh7 56. Bg5 Rd3+ 57. Kh4 Nd6 58. Bxf6 Nxb7 59. Rh8# 1-0

[Event "Politiken Cup 37th"]
[Site "Helsingor"]
[Date "2015.07.31"]
[Round "8"]
[White "Bijlsma, Nick"]
[Black "Schandorff, Lars"]
[Result "1/2-1/2"]
[WhiteElo "2298"]
[BlackElo "2520"]
[PlyCount "84"]
[EventDate "2015.07.25"]
[EventType "swiss"]
[EventRounds "10"]
[EventCountry "DEN"]
[SourceTitle "CBM 167 Extra"]
[Source "ChessBase"]
[SourceDate "2015.09.14"]
[SourceVersion "1"]
[SourceVersionDate "2015.09.14"]
[SourceQuality "1"]

1. e4 c6 2. d4 d5 3. Nc3 dxe4 4. Nxe4 Bf5 5. Ng3 Bg6 6. h4 h6 7. Nh3 Nf6 8. Nf4 Bh7 9. Bc4 e6 10. Qe2 Bd6 11. Ngh5 Rg8 12. Bd2 Nxh5 13. Nxh5 Bxc2 14. d5 cxd5 15. Bxd5 Qe7 16. Bf3 Ba4 17. Qe4 Bc6 18. Qh7 Qf8 19. Bc3 Bb4 20. Rh3 Bxc3+ 21. bxc3 Bxf3 22. Rxf3 Nd7 23. Rd1 0-0-0 24. Rfd3 Rh8 25. Qxg7 Qxg7 26. Nxg7 Rhg8 27. Rg3 Nf6 28. Rxd8+ Kxd8 29. Nh5 Rxg3 30. Nxg3 Ke7 31. Kd2 Kd6 32. Ne2 Ke5 33. Ke3 Ng4+ 34. Kf3 f5 35. g3 Kd6 36. Nd4 a6 37. Ke2 Kd5 38. f3 Ne5 39. Ke3 Nc4+ 40. Kd3 Ne5+ 41. Ke3 Nc4+ 42. Kd3 Ne5+ 1/2-1/2

[Event "Politiken Cup 37th"]
[Site "Helsingor"]
[Date "2015.07.26"]
[Round "3"]
[White "Fressinet, Laurent"]
[Black "Bijlsma, Nick"]
[Result "1-0"]
[WhiteElo "2707"]
[BlackElo "2298"]
[PlyCount "51"]
[EventDate "2015.07.25"]
[EventType "swiss"]
[EventRounds "10"]
[EventCountry "DEN"]
[SourceTitle "CBM 167 Extra"]
[Source "ChessBase"]
[SourceDate "2015.09.14"]
[SourceVersion "1"]
[SourceVersionDate "2015.09.14"]
[SourceQuality "1"]

1. Nf3 Nf6 2. g3 g6 3. Bg2 Bg7 4. c4 d5 5. 0-0 0-0 6. cxd5 Nxd5 7. d4 Nb6 8. Nc3 Nc6 9. d5 Na5 10. e4 c6 11. Bf4 cxd5 12. Nxd5 Nxd5 13. exd5 Nc4 14. b3 Nb6 15. d6 exd6 16. Rc1 Bg4 17. Qd2 d5 18. a4 Rc8 19. a5 Rxc1 20. Rxc1 Nc8 21. Bc7 Qe7 22. Qxd5 Bh6 23. Rc3 Qa3 24. Qd1 Bg7 25. Qc1 Qb4 26. Rc4 1-0

[Event "Remco Heite op 5th"]
[Site "Wolvega"]
[Date "2014.11.16"]
[Round "9"]
[White "Slingerland, Fred"]
[Black "Bijlsma, Nick"]
[Result "0-1"]
[WhiteElo "2315"]
[BlackElo "2253"]
[PlyCount "66"]
[EventDate "2014.11.15"]
[EventType "swiss"]
[EventRounds "9"]
[EventCountry "NED"]
[SourceTitle "EXT 2015"]
[Source "ChessBase"]
[SourceDate "2014.11.20"]
[SourceVersion "1"]
[SourceVersionDate "2014.11.20"]
[SourceQuality "1"]

1. e4 c5 2. Nf3 d6 3. d4 cxd4 4. Nxd4 Nf6 5. Nc3 a6 6. Be2 e6 7. f4 Be7 8. 0-0 0-0 9. Kh1 Nc6 10. Be3 Qc7 11. Qe1 Nxd4 12. Bxd4 b5 13. a3 Bb7 14. Qg3 Bc6 15. Rad1 Rad8 16. Rfe1 Qb7 17. Bf3 Kh8 18. e5 dxe5 19. fxe5 Ne8 20. Ne4 f5 21. exf6 gxf6 22. Qh4 e5 23. Bc3 Rxd1 24. Rxd1 Ng7 25. Qe1 Nf5 26. Qe2 Rg8 27. Nd2 Nh4 28. Bb4 Bxb4 29. axb4 Nxg2 30. Bxc6 Qxc6 31. Qf3 Qxf3 32. Nxf3 Nf4 33. Rd6 Nh3 0-1

[Event "Vlissingen HZ op 18th"]
[Site "Vlissingen"]
[Date "2014.08.07"]
[Round "7"]
[White "De Jong, Migchiel"]
[Black "Bijlsma, Nick"]
[Result "1-0"]
[WhiteElo "2345"]
[BlackElo "2210"]
[PlyCount "53"]
[EventDate "2014.08.02"]
[EventType "swiss"]
[EventRounds "9"]
[EventCountry "NED"]
[SourceTitle "CBM 161 Extra"]
[Source "ChessBase"]
[SourceDate "2014.08.29"]
[SourceVersion "1"]
[SourceVersionDate "2014.08.29"]
[SourceQuality "1"]

1. e4 c5 2. Nf3 d6 3. Bb5+ Bd7 4. c4 Bxb5 5. cxb5 Nf6 6. Nc3 e6 7. d4 cxd4 8. Nxd4 Be7 9. 0-0 0-0 10. f4 d5 11. e5 Ne4 12. f5 Bc5 13. fxe6 fxe6 14. Rxf8+ Qxf8 15. Nxe4 dxe4 16. Be3 Nd7 17. Qg4 Qe7 18. Qxe4 Nb6 19. Kh1 Nd5 20. Nf5 Qf8 21. Bd4 Rd8 22. Nd6 Bxd6 23. exd6 Qxd6 24. Rf1 Rd7 25. Bc5 Nf6 26. Bxd6 Nxe4 27. Rf8# 1-0

[Event "Vlissingen HZ op 18th"]
[Site "Vlissingen"]
[Date "2014.08.06"]
[Round "6"]
[White "Bijlsma, Nick"]
[Black "Ten Hertog, Hugo"]
[Result "1/2-1/2"]
[WhiteElo "2210"]
[BlackElo "2356"]
[PlyCount "76"]
[EventDate "2014.08.02"]
[EventType "swiss"]
[EventRounds "9"]
[EventCountry "NED"]
[SourceTitle "CBM 161 Extra"]
[Source "ChessBase"]
[SourceDate "2014.08.29"]
[SourceVersion "1"]
[SourceVersionDate "2014.08.29"]
[SourceQuality "1"]

1. g3 c5 2. Bg2 Nc6 3. c4 g6 4. Nc3 Bg7 5. a3 d6 6. Nf3 e5 7. d3 f5 8. 0-0 Nf6 9. Rb1 a5 10. Ne1 0-0 11. Nc2 f4 12. b4 axb4 13. axb4 cxb4 14. Nxb4 Nd4 15. e3 Ne6 16. Nbd5 Nh5 17. Nb6 Ng5 18. Bd5+ Kh8 19. Nxa8 Bh3 20. Nb6 fxg3 21. hxg3 Nxg3 22. fxg3 Rxf1+ 23. Qxf1 Bxf1 24. Kxf1 Qf6+ 25. Ke2 e4 26. Nxe4 Qf3+ 27. Kd2 Qg2+ 28. Kd1 Nf3 29. Bd2 Nxd2 30. Nxd2 Qxg3 31. Be4 Qxe3 32. Nd5 Qg1+ 33. Kc2 Qf2 34. Rf1 Qd4 35. Rb1 Qa7 36. Rh1 Qa4+ 37. Kc1 Qa1+ 38. Kc2 Qa4+ 1/2-1/2

[Event "Vlissingen HZ op 18th"]
[Site "Vlissingen"]
[Date "2014.08.04"]
[Round "4"]
[White "Bijlsma, Nick"]
[Black "Bezemer, Arno J"]
[Result "1-0"]
[WhiteElo "2210"]
[BlackElo "2287"]
[PlyCount "63"]
[EventDate "2014.08.02"]
[EventType "swiss"]
[EventRounds "9"]
[EventCountry "NED"]
[SourceTitle "CBM 161 Extra"]
[Source "ChessBase"]
[SourceDate "2014.08.29"]
[SourceVersion "1"]
[SourceVersionDate "2014.08.29"]
[SourceQuality "1"]

1. e4 c5 2. Nf3 d6 3. d4 cxd4 4. Nxd4 Nf6 5. Nc3 a6 6. f4 Nbd7 7. Nf3 Qc7 8. a4 g6 9. Bd3 Bg7 10. 0-0 0-0 11. Qe1 b6 12. f5 Bb7 13. Qh4 e6 14. Bh6 Rae8 15. Ng5 Qc5+ 16. Kh1 Qb4 17. fxe6 fxe6 18. Bxg7 Kxg7 19. Qh3 Qxb2 20. Bc4 d5 21. Bb3 d4 22. Ne2 Nc5 23. Rfb1 Ncxe4 24. Nxe4 Nxe4 25. Qh4 Qxa1 26. Rxa1 Rf2 27. Nxd4 g5 28. Qh3 Rd2 29. Qe3 Kh8 30. Nf3 Red8 31. Nxd2 Rxd2 32. Qxb6 1-0

[Event "Terre degli Elimi op 5th"]
[Site "Erice"]
[Date "2014.07.25"]
[Round "9"]
[White "Bijlsma, Nick"]
[Black "Adrian, Claude"]
[Result "1-0"]
[WhiteElo "2210"]
[BlackElo "2236"]
[PlyCount "73"]
[EventDate "2014.07.19"]
[EventType "swiss"]
[EventRounds "9"]
[EventCountry "ITA"]
[SourceTitle "CBM 161 Extra"]
[Source "ChessBase"]
[SourceDate "2014.08.29"]
[SourceVersion "1"]
[SourceVersionDate "2014.08.29"]
[SourceQuality "1"]

1. e4 e6 2. d4 d5 3. Nd2 Nf6 4. e5 Nfd7 5. f4 c5 6. c3 Nc6 7. Ndf3 Qb6 8. a3 Be7 9. b4 cxd4 10. cxd4 a6 11. Nh3 Qc7 12. Bd3 b5 13. 0-0 Nb6 14. Qc2 g6 15. Nhg5 Nc4 16. g4 a5 17. f5 gxf5 18. gxf5 Bxg5 19. Bxg5 axb4 20. fxe6 Bxe6 21. axb4 Kd7 22. Qc3 Rhg8 23. Rxa8 Rxa8 24. Bxc4 bxc4 25. b5 Ne7 26. Qb4 Nf5 27. b6 Rb8 28. Nh4 Rxb6 29. Qa4+ Qc6 30. Qxc6+ Kxc6 31. Nxf5 Bxf5 32. Rxf5 Kb5 33. Bd2 Rb7 34. Kf1 Kc6 35. Bc3 Rb3 36. Rf3 Kb5 37. Kf2 1-0

[Event "Terre degli Elimi op 5th"]
[Site "Erice"]
[Date "2014.07.23"]
[Round "6"]
[White "Mantovani, Renzo"]
[Black "Bijlsma, Nick"]
[Result "0-1"]
[WhiteElo "2349"]
[BlackElo "2210"]
[PlyCount "98"]
[EventDate "2014.07.19"]
[EventType "swiss"]
[EventRounds "9"]
[EventCountry "ITA"]
[SourceTitle "CBM 161 Extra"]
[Source "ChessBase"]
[SourceDate "2014.08.29"]
[SourceVersion "1"]
[SourceVersionDate "2014.08.29"]
[SourceQuality "1"]

1. g3 g6 2. Bg2 Bg7 3. c4 e5 4. Nc3 Nc6 5. Rb1 d6 6. b4 Nf6 7. d3 0-0 8. Nf3 Nh5 9. b5 Ne7 10. 0-0 f5 11. Qb3 Kh8 12. a4 h6 13. Ba3 Be6 14. Ne1 Rb8 15. Nc2 g5 16. Nb4 f4 17. Nbd5 Nf5 18. Qd1 g4 19. c5 Nd4 20. cxd6 cxd6 21. Be4 f3 22. e3 Nf5 23. Qc2 Nf6 24. Rfc1 Nh7 25. Qd1 h5 26. Rc2 h4 27. Kf1 Ng5 28. Bxf5 Rxf5 29. e4 Rf7 30. Bc1 Nh3 31. Be3 b6 32. Nb4 Rbb7 33. Ncd5 Bf6 34. Nxf6 Qxf6 35. Nd5 Qg6 36. Rbc1 hxg3 37. hxg3 Rh7 38. Rc8+ Bxc8 39. Rxc8+ Kg7 40. Ke1 Nxf2 41. Qb3 Rh1+ 42. Kd2 Rd1+ 43. Kc2 Rxd3 44. Qc4 Rxd5 45. Qxd5 Qxe4+ 46. Qxe4 Nxe4 47. Kd3 f2 48. Rc1 d5 49. Rf1 Rf7 0-1

[Event "Terre degli Elimi op 5th"]
[Site "Erice"]
[Date "2014.07.20"]
[Round "2"]
[White "Claesen, Pieter"]
[Black "Bijlsma, Nick"]
[Result "1-0"]
[WhiteElo "2340"]
[BlackElo "2210"]
[PlyCount "57"]
[EventDate "2014.07.19"]
[EventType "swiss"]
[EventRounds "9"]
[EventCountry "ITA"]
[SourceTitle "CBM 161 Extra"]
[Source "ChessBase"]
[SourceDate "2014.08.29"]
[SourceVersion "1"]
[SourceVersionDate "2014.08.29"]
[SourceQuality "1"]

1. c4 g6 2. Nc3 Bg7 3. g3 c5 4. Bg2 Nc6 5. Nf3 d6 6. a3 a5 7. d3 Nf6 8. 0-0 0-0 9. Bd2 Nd7 10. Rb1 Nde5 11. Nxe5 Bxe5 12. Bh6 Re8 13. Qd2 Bh8 14. Bg5 Rb8 15. Nd5 Bd7 16. b4 f6 17. Bf4 g5 18. Be3 e6 19. b5 Nd4 20. Nc3 Nf5 21. Kh1 b6 22. Rbc1 Bc8 23. f4 Bb7 24. fxg5 Nxe3 25. Qxe3 fxg5 26. Ne4 h6 27. Qf3 Qe7 28. Qh5 d5 29. Qg6+ 1-0

[Event "Utrecht OKU op 41st"]
[Site "Utrecht"]
[Date "2014.05.31"]
[Round "4"]
[White "Hovhannisyan, Mher"]
[Black "Bijlsma, Nick"]
[Result "1-0"]
[WhiteElo "2520"]
[BlackElo "2210"]
[PlyCount "115"]
[EventDate "2014.05.30"]
[EventType "swiss"]
[EventRounds "6"]
[EventCountry "NED"]
[SourceTitle "CBM 160 Extra"]
[Source "ChessBase"]
[SourceDate "2014.07.01"]
[SourceVersion "1"]
[SourceVersionDate "2014.07.01"]
[SourceQuality "1"]

1. e4 c5 2. c3 Nf6 3. e5 Nd5 4. d4 cxd4 5. cxd4 d6 6. exd6 e6 7. Nc3 Bxd6 8. Nf3 0-0 9. Bd3 Nf4 10. Bxf4 Bxf4 11. Qe2 g6 12. Rd1 Bh6 13. h4 Nc6 14. Be4 Bg7 15. h5 Qb6 16. hxg6 hxg6 17. Bxc6 bxc6 18. Ne5 Rb8 19. Rd2 Qc7 20. Qe4 c5 21. Qh4 Re8 22. Ne4 cxd4 23. Nf6+ Kf8 24. Nh7+ Kg8 25. Ng4 f5 26. Ngf6+ Kf7 27. Nxe8 Kxe8 28. 0-0 Rb6 29. Re1 Rc6 30. Rdd1 Kf7 31. Ng5+ Kf8 32. Rxd4 Bxd4 33. Qxd4 Kg8 34. Qf6 Qg7 35. Qd8+ Qf8 36. Qd4 Qe7 37. Nf3 Rc7 38. Qf4 Bb7 39. Ne5 g5 40. Qg3 Qg7 41. Qe3 Bd5 42. Nf3 Bxf3 43. Qxe6+ Qf7 44. gxf3 Qxe6 45. Rxe6 Rc2 46. Ra6 Rxb2 47. Rxa7 Rb1+ 48. Kg2 Ra1 49. a4 Ra3 50. a5 Kf8 51. a6 Kg8 52. Kf1 Ra2 53. Ke1 Ra1+ 54. Kd2 Ra2+ 55. Ke3 Ra4 56. Kd3 Kh8 57. Kc3 Ra3+ 58. Kd4 1-0

[Event "Leiden Noteboom Memorial 74th"]
[Site "Leiden"]
[Date "2014.03.01"]
[Round "4"]
[White "Bijlsma, Nick"]
[Black "De Jeu, Marcel"]
[Result "1-0"]
[WhiteElo "2199"]
[BlackElo "1911"]
[PlyCount "57"]
[EventDate "2014.02.28"]
[EventType "swiss"]
[EventRounds "6"]
[EventCountry "NED"]
[SourceTitle "CBM 159 Extra"]
[Source "ChessBase"]
[SourceDate "2014.04.24"]
[SourceVersion "1"]
[SourceVersionDate "2014.04.24"]
[SourceQuality "1"]

1. e4 d6 2. d4 Nf6 3. Nc3 e5 4. Nf3 exd4 5. Nxd4 Be7 6. g3 0-0 7. Bg2 Re8 8. 0-0 c6 9. h3 Na6 10. g4 h6 11. f4 Bf8 12. Kh1 Nc5 13. Re1 a5 14. b3 Qc7 15. a4 Rb8 16. Bb2 Bd7 17. Qf3 b5 18. axb5 cxb5 19. g5 hxg5 20. fxg5 Nh7 21. Nd5 Qd8 22. h4 Be7 23. Rf1 f6 24. Qh5 a4 25. g6 Nf8 26. Nf5 axb3 27. Nfxe7+ Rxe7 28. Nxf6+ gxf6 29. Bxf6 1-0

[Event "Boeblinger op 30th"]
[Site "Boeblingen"]
[Date "2013.12.27"]
[Round "2"]
[White "Bijlsma, Nick"]
[Black "Novoselski, Zoran"]
[Result "0-1"]
[WhiteElo "2178"]
[BlackElo "2381"]
[PlyCount "76"]
[EventDate "2013.12.26"]
[EventType "swiss"]
[EventRounds "9"]
[EventCountry "GER"]
[SourceTitle "CBM 158 Extra"]
[Source "ChessBase"]
[SourceDate "2014.02.28"]
[SourceVersion "1"]
[SourceVersionDate "2014.02.28"]
[SourceQuality "1"]

1. e4 e5 2. Nf3 Nc6 3. Bb5 a6 4. Ba4 d6 5. Bxc6+ bxc6 6. d4 f6 7. Be3 Ne7 8. Nc3 Ng6 9. h4 h5 10. Qd3 Be6 11. 0-0-0 Be7 12. d5 cxd5 13. exd5 Bf7 14. Rdg1 Qd7 15. Qc4 Bd8 16. Nd2 Ne7 17. Qd3 c6 18. dxc6 Qxc6 19. Nb3 Bc4 20. Qd1 d5 21. g4 Bxb3 22. axb3 d4 23. Bxd4 exd4 24. Qxd4 Bb6 25. Qf4 hxg4 26. Re1 Kf8 27. Qxg4 Bxf2 28. Ref1 Rd8 29. Rh3 Rd4 30. Qe2 Bxh4 31. Kb1 Nd5 32. Nxd5 Qxd5 33. Rc3 Kg8 34. b4 Qb5 35. Qe6+ Kh7 36. Rh1 Rhd8 37. Ka2 Qa4+ 38. Ra3 Qxc2 0-1

[Event "Vlissingen HZ op 17th"]
[Site "Vlissingen"]
[Date "2013.08.09"]
[Round "8"]
[White "Roelofs, Rik"]
[Black "Bijlsma, Nick"]
[Result "1-0"]
[WhiteElo "1975"]
[BlackElo "2166"]
[PlyCount "51"]
[EventDate "2013.08.03"]
[EventType "swiss"]
[EventRounds "9"]
[EventCountry "NED"]
[SourceTitle "CBM 155 Extra"]
[Source "ChessBase"]
[SourceDate "2013.08.26"]
[SourceVersion "1"]
[SourceVersionDate "2013.08.26"]
[SourceQuality "1"]

1. d4 Nf6 2. c4 g6 3. Nc3 d5 4. Bf4 Bg7 5. Nf3 0-0 6. Rc1 dxc4 7. e4 c5 8. dxc5 Qa5 9. Qc2 Qxc5 10. Be3 Qc7 11. Qa4 Nc6 12. Bxc4 Bd7 13. Qa3 a6 14. 0-0 e6 15. Be2 Rfc8 16. Na4 Re8 17. Nb6 Rad8 18. Nc4 Bf8 19. Qb3 Rb8 20. Bb6 Qf4 21. e5 Nd5 22. Rfd1 Nxb6 23. Nxb6 Na5 24. Qc3 Bc6 25. Rd4 Qh6 26. Rh4 1-0

[Event "Barbera del Valles op 36th"]
[Site "Barbera del Valles"]
[Date "2013.07.05"]
[Round "2"]
[White "Rios, Cristhian Camilo"]
[Black "Bijlsma, Nick"]
[Result "1-0"]
[WhiteElo "2360"]
[BlackElo "2166"]
[PlyCount "71"]
[EventDate "2013.07.04"]
[EventType "swiss"]
[EventRounds "9"]
[EventCountry "ESP"]
[SourceTitle "CBM 155 Extra"]
[Source "ChessBase"]
[SourceDate "2013.08.26"]
[SourceVersion "1"]
[SourceVersionDate "2013.08.26"]
[SourceQuality "1"]

1. d4 Nf6 2. c4 g6 3. Nc3 d5 4. Nf3 Bg7 5. Qb3 dxc4 6. Qxc4 0-0 7. e4 c6 8. h3 b5 9. Qb3 a5 10. Qc2 a4 11. Bd3 Na6 12. a3 Be6 13. 0-0 Ne8 14. d5 cxd5 15. exd5 Bd7 16. Nxb5 Bxb5 17. Bxb5 Qxd5 18. Bxa4 Nc5 19. Rd1 Qf5 20. Qxf5 gxf5 21. Bc2 Rb8 22. Rb1 Ne4 23. Nd4 e6 24. f3 N4f6 25. Bf4 Rc8 26. Bb3 Nc7 27. Bd6 Rfe8 28. Ba4 Ncd5 29. Bxe8 Nxe8 30. Nxf5 Nxd6 31. Nxd6 Rc2 32. Nf5 Bxb2 33. Nd4 Bxd4+ 34. Rxd4 Ne3 35. Re1 Rxg2+ 36. Kh1 1-0

[Event "Dresden ZMD op-A 21st"]
[Site "Dresden"]
[Date "2012.08.26"]
[Round "9"]
[White "Hentze, Markus"]
[Black "Bijlsma, Nick"]
[Result "1/2-1/2"]
[WhiteElo "2053"]
[BlackElo "2104"]
[PlyCount "111"]
[EventDate "2012.08.18"]
[EventType "swiss"]
[EventRounds "9"]
[EventCountry "GER"]
[SourceTitle "CBM 150 Extra"]
[Source "ChessBase"]
[SourceDate "2012.10.19"]
[SourceVersion "1"]
[SourceVersionDate "2012.10.19"]
[SourceQuality "1"]

1. e4 c5 2. Nf3 e6 3. c3 d5 4. exd5 Qxd5 5. d4 Nf6 6. Bb5+ Nbd7 7. 0-0 cxd4 8. c4 Qd6 9. b3 Qb6 10. Qxd4 Qxd4 11. Nxd4 a6 12. Bxd7+ Bxd7 13. Ba3 0-0-0 14. Bxf8 Rhxf8 15. Nc3 Kc7 16. Rfd1 Bc6 17. f3 b6 18. b4 Bb7 19. Nb3 Nd7 20. a4 Ne5 21. c5 Rd3 22. Rdc1 Rfd8 23. b5 axb5 24. axb5 Bd5 25. cxb6+ Kd6 26. Nxd5 Rxd5 27. Na5 Rb8 28. b7 Rxb5 29. Rc8 R5xb7 30. Nxb7+ Rxb7 31. Rd1+ Ke7 32. Rc5 Kf6 33. Rc2 Ra7 34. Kf2 Ng6 35. Rdc1 Ne7 36. Rc7 Rxc7 37. Rxc7 Nd5 38. Ra7 Kg6 39. g4 f6 40. Kg3 e5 41. h4 Nf4 42. Ra2 h5 43. Kf2 Kh6 44. Rd2 g5 45. hxg5+ Kxg5 46. gxh5 Nxh5 47. Ke3 Kf5 48. Ra2 Nf4 49. Rh2 Nd5+ 50. Kf2 Nf4 51. Kg3 Kg5 52. Rh7 Ne2+ 53. Kf2 Nf4 54. Kg3 Ne2+ 55. Kf2 Nf4 56. Kg3 1/2-1/2